Statistics for Seats of the Most Populous US Counties

Click here to take the quiz!

General Stats

  • This quiz has been taken 17 times
  • The average score is 28 of 80

Answer Stats

CountySeat% Correct
CookChicago
100%
_____-DadeMiami
88%
MaricopaPhoenix
81%
BrowardFort Lauderdale
69%
New YorkManhattan
69%
Salt LakeSalt Lake City
69%
CuyahogaCleveland
63%
HarrisHouston
63%
ClarkLas Vegas
63%
OrangeSanta Ana
63%
Palm BeachWest Palm Beach
63%
KingsBrooklyn
56%
FranklinColumbus
56%
TarrantFort Worth
56%
OklahomaOklahoma City
56%
AlleghenyPittsburgh
56%
KingSeattle
56%
WestchesterWhite Plains
56%
FultonAtlanta
50%
TravisAustin
50%
WayneDetroit
50%
HennepinMinneapolis
50%
AlamedaOakland
50%
OrangeOrlando
50%
BexarSan Antonio
50%
HillsboroughTampa
50%
PimaTucson
50%
KernBakersfield
44%
PinellasClearwater
44%
LeeFort Myers
44%
DuvalJacksonville
44%
MultnomahPortland
44%
WakeRaleigh
44%
Santa ClaraSan Jose
44%
BernalilloAlbuquerque
38%
ErieBuffalo
38%
MecklenburgCharlotte
38%
HamiltonCincinnati
38%
SnohomishEverett
38%
MarionIndianapolis
38%
ShelbyMemphis
38%
DavidsonNashville
38%
UtahProvo
38%
San JoaquinStockton
38%
PierceTacoma
38%
JacksonIndependence | Kansas City
31%
MiddlesexLowell | Cambridge
31%
BaltimoreTowson
31%
SuffolkBoston
25%
El PasoColorado Springs
25%
HidalgoEdinburg
25%
JeffersonLouisville
25%
MontgomeryRockville
25%
HudsonJersey City
19%
WillJoliet
19%
CobbMarietta
19%
EssexNewark
19%
OaklandPontiac
19%
LakeWaukegan
19%
St. LouisClayton
13%
BergenHackensack
13%
Contra CostaMartinez
13%
CollinMcKinney
13%
San MateoRedwood City
13%
MonroeRochester
13%
DeKalbDecatur
6%
MiddlesexNew Brunswick
6%
MontgomeryNorristown
6%
Fort BendRichmond
6%
EssexSalem | Lawrence
6%
DuPageWheaton
6%
PolkBartow
0%
MontgomeryConroe
0%
NorfolkDedham
0%
CapitolHartford
0%
GwinnettLawrenceville
0%
NassauMineola
0%
MacombMount Clemens
0%
SuffolkRiverhead
0%
Prince George'sUpper Marlboro
0%

Score Distribution

Percentile by Number Answered

Percent of People with Each Score

Your Score History

You have not taken this quiz